00301nam a2200145Ia 4500008004100000041000800041100001100049245002100060300000800081365001300089500000900102520001900111650000600130999001900136230605s9999 xx 000 0 und d aeng aRamsay aHealthy appetite a255 b1477h20 a2037 aReference Copy aB c419101d419101